006350000a22001810004500003001100000005001700011008004100028040003900069041000800108082001700116100002500133245009700158260005400255300002000309490003500329650004700364650004200411LK-CoMWRAF20231225190824.0230817t1996 ||||| |||| 00| 0 eng d aLK-CoMWRAFdLK-CoMWRAFeLK-CoMWRAF aeng a346.167bMAY aMayer, Ann Elizabeth aReform of personal status laws in North Africa:ba problem of Islamic or Mediterranean laws? aGrables:bWomen Living Under Muslim Laws,c[1996] a 19 p. ; 22 cm. a WLUML occasional papervno. 8 aDomestic relations- Africa, North- History aPersons (Law)- Africa, North- History